000 00406nam a2200169Ia 4500
001 18818
003 IN-NITTTR
005 20251114233218.0
008 251113s9999||||xx |||||||||||||| ||eng||
040 _beng
040 _cIN-NITTTR
041 _aeng
082 _a005.7565 C192D
100 _aCarlton, Thomas W
245 0 _adBase III plus applications library /
_cCarlton, Thomas W
942 _2ddc
_cBK
999 _c21452
_d21452